| 000 -LEADER |
| fixed length control field |
00955cam a2200277 a 4500 |
| 001 - CONTROL NUMBER |
| control field |
15553240 |
| 005 - DATE AND TIME OF LATEST TRANSACTION |
| control field |
20180216034127.0 |
| 008 - FIXED-LENGTH DATA ELEMENTS--GENERAL INFORMATION |
| fixed length control field |
081211s2009 mdua b 001 0 eng |
| 010 ## - LIBRARY OF CONGRESS CONTROL NUMBER |
| LC control number |
2008052642 |
| 020 ## - INTERNATIONAL STANDARD BOOK NUMBER |
| International Standard Book Number |
9780742566576 (pbk. : alk. paper) |
| 020 ## - INTERNATIONAL STANDARD BOOK NUMBER |
| International Standard Book Number |
0742566579 (pbk. : alk. paper) |
| 020 ## - INTERNATIONAL STANDARD BOOK NUMBER |
| International Standard Book Number |
9780742566583 (electronic) |
| 020 ## - INTERNATIONAL STANDARD BOOK NUMBER |
| International Standard Book Number |
0742566587 (electronic) |
| 035 ## - SYSTEM CONTROL NUMBER |
| System control number |
(OCoLC)ocn283802777 |
| 040 ## - CATALOGING SOURCE |
| Original cataloging agency |
DLC |
| Transcribing agency |
DLC |
| Modifying agency |
YDXCP |
| -- |
BTCTA |
| -- |
YDX |
| -- |
C#P |
| -- |
CDX |
| -- |
BWX |
| -- |
DLC |
| 041 ## - LANGUAGE CODE |
| Language code of text/sound track or separate title |
eng |
| 080 ## - UNIVERSAL DECIMAL CLASSIFICATION NUMBER |
| Universal Decimal Classification number |
327 ann |
| 082 00 - DEWEY DECIMAL CLASSIFICATION NUMBER |
| Classification number |
327 ann |
| Edition number |
22 |
| 100 1# - Rafti |
| Rafti |
22 |
| 101 ## - Shkurtesa |
| Shkurtesa |
pol |
| 245 10 - TITLE STATEMENT |
| Title |
Global politics as if people mattered / |
| Statement of responsibility, etc |
Mary Ann Tétreault and Ronnie D. Lipschutz. |
| 504 ## - BIBLIOGRAPHY, ETC. NOTE |
| Bibliography, etc |
Includes bibliographical references (p. 207-248) and index. |
| 906 ## - LOCAL DATA ELEMENT F, LDF (RLIN) |
| a |
7 |
| b |
cbc |
| c |
orignew |
| d |
1 |
| e |
ecip |
| f |
20 |
| g |
y-gencatlg |
| 942 ## - ADDED ENTRY ELEMENTS (KOHA) |
| Source of classification or shelving scheme |
|
| Item type |
Books |